Представление документа в формате RUSMARC

ПолеНазваниеЗначение
  Тип записи a
  Библиографический уровень m
001 Контрольный номер UONB/MAIN/076313a1458044e990b5119dca6aaa91
005 Дата корректировки 20260422111255.6
010 Индекс ISBN __
b Уточнения в пер.
d Цена 11 к.
9 Тираж 51692 экз.
100 Данные общей обработки __
a Данные общей обработки 20260422d1988 k y0rusy0189## ca
101 Язык документа 0_
a Язык текста rus
102 Страна публикации __
a Страна публикации RU
105 Кодированные данные (монография) __
a Кодированные данные (монография) a z 001yy
200 Заглавие и сведения об ответственности 1_
a Заглавие Улучшение засоленных почв
f Первые сведения об ответственности А. В. Шуравилин, А. Е. Касьянов
203 Вид содержания и тип средства __
a Вид содержания Текст
b Характеристика содержания визуальный
c Тип средства непосредственный
210 Выходные данные 1_
a Место издания Москва
c Издательство Знание
d Дата издания 1988
215 Физическое описание __
a Объем 63, [1] с.
c Иллюстрации/тип воспроизводства ил.
d Формат 20 см
225 Серия 1_
a Серия Новое в жизни, науке, технике
v Обозначение тома 6/1988
i Наименование части Сельское хозяйство
320 Библиография __
a Библиография Библиогр.: с. 64
606 Тематические рубрики 0_
a Основная рубрика Засоленные почвы
x Основная подрубрика Мелиорация
610 Ключевые слова 0_
a Ключевые слова засоленные почвы; мелиорация засоленных почв
686 Индексы других классификаций __
a Классификационный индекс 40.626
2 Код системы rubbk
700 Автор _1
a Фамилия Шуравилин
b Имя (инициалы) А. В.
g Полное личное имя Анатолий Васильевич
701 Альтернативная интеллектуальная ответственность _1
a Фамилия Касьянов
b Имя (инициалы) А. Е.
g Полное личное имя Александр Евгеньевич
801 Источник записи _0
a Страна RU
b Организация Ульяновская ОНБ
c Дата составления 20260422
g Правила каталогизации RCR
801 Источник записи _1
a Страна RU
b Организация Ульяновская ОНБ
c Дата составления 20260422
g Правила каталогизации RCR
901 Тип документа __
t Тип документа m
909 Создатель записи __
a Создатель записи Богданова
b Дата создания записи 20260422